Diagnóstico preliminar del sistema cooperativo de Panamá /
El documento consiste en un diagnostico acerca del cooperativismo en la región de centroamericana, tratando los aspectos más relevantes del sistema cooperativo en Panamá. Antecedentes, aspectos institucionales, evolución del sistema cooperativo en Panamá, impacto social y económico del sistema y pro...
Guardat en:
| Autor principal: | |
|---|---|
| Autor corporatiu: | , |
| Format: | Text |
| Idioma: | Spanish |
| Publicat: |
Costa Rica:
UCR
1990
|
| Matèries: | |
| Etiquetes: |
Afegir etiqueta
Sense etiquetes, Sigues el primer a etiquetar aquest registre!
|
MARC
| LEADER | 00000 a a2200000 04500 | ||
|---|---|---|---|
| 001 | 37717 | ||
| 003 | cru CIDCACS/IIS | ||
| 005 | 20230612111802.0 | ||
| 008 | 230612e1990 cr ||||| |||| 00| 0 spa d | ||
| 040 | |c CRAI/IIS | ||
| 090 | |a 03.03.04 B275d | ||
| 100 | |a Barrios, Javier | ||
| 110 | |a UCR. FCS.IIS | ||
| 245 | |a Diagnóstico preliminar del sistema cooperativo de Panamá / |c Javier Barrios | ||
| 260 | |a Costa Rica: |b UCR |c 1990 | ||
| 300 | |a 48 páginas | ||
| 520 | |a El documento consiste en un diagnostico acerca del cooperativismo en la región de centroamericana, tratando los aspectos más relevantes del sistema cooperativo en Panamá. Antecedentes, aspectos institucionales, evolución del sistema cooperativo en Panamá, impacto social y económico del sistema y problemas que confronta y conclusiones. | ||
| 650 | |a COOPERATIVAS | ||
| 650 | |a PANAMA | ||
| 710 | |a Consejo Superior Universitario Centroamericano |a Universidad de Panamá. Viverrectoria de Investigación y Postgrado | ||
| 942 | |2 ddc |c LITG |h 03.03.04 B275d |i 04294 |6 030304_B275D_04294 | ||
| 999 | |c 14723 |d 14723 | ||
